000 00213 a2200097 4500
001 15545
100 _aCostello, J J
245 _aFinite Maths With Applications
260 _a
_bHarcourt
_c
090 _c12128
_d12128
942 _aNUST-CAE
_cM
_c2368
999 _c250618
_d250618